| 000 | 00691nam a2200265Ia 4500 | ||
|---|---|---|---|
| 001 | 8298 | ||
| 005 | 20240113234101.0 | ||
| 007 | ta | ||
| 008 | 170225s1991 ii a g b000 u 465 u | ||
| 040 | _aCotton College,Assam | ||
| 041 | _a465 | ||
| 082 |
_a321.8954 _bKo 824 In |
||
| 100 | _aKohli, Atul . | ||
| 245 | 0 |
_aIndia`s Democracy / _cAtul Kohli. _hTextual Documents |
|
| 250 | _a1st ed. / | ||
| 260 |
_aHyderabad : _bOrient Lomgman , _c1991. |
||
| 300 |
_axvi, 344p. : _bill ; _c22cm . |
||
| 504 | _aIndex | ||
| 653 | _aPolitical Science | ||
| 653 | _aDemocracy-India | ||
| 653 | _aPG-Political Science | ||
| 942 |
_2ddc _cBK |
||
| 999 |
_c8285 _d8285 |
||